[Event "HCL-B3793"]
[Site "www.playchess.de"]
[Date "2006.01.04"]
[Round "9"]
[White "nichju"]
[Black "mrchess"]
[WhiteElo "981"]
[BlackElo "1431"]
[PlyCount "84"]
[Result "0-1"]

1.e4 {Hello, nice to meet you!}  c5 {thanks goog 
game}  2.d4 cxd4 3.Nf3 Nc6 4.Bc4 e5 5.b3 Nf6 6.Bg5 
Be7 7.O-O a6 8.c3 Nxe4 9.Bxe7 Qxe7 10.cxd4 Nxd4 
11.Nxd4 exd4 12.Qxd4 Nf6 13.Nc3 O-O 14.Rfe1 Qd8 
15.Ne4 Nxe4 16.Rxe4 b5 17.Rg4 g6 18.Bd5 Rb8 19.f4 
Qb6 20.Qxb6 Rxb6 21.Rf1 d6 22.Rg5 Bf5 23.g4 Bd7 
24.f5 h6 25.Rxg6+ Kh7 26.Rf3 Rbb8 27.Rh3 fxg6 
28.fxg6+ Kxg6 29.Be4+ Kg7 30.Rh4 Rf4 31.Bd3 Rxg4+ 
32.Rxg4+ Bxg4 33.Kg2 Kf6 34.Kg3 h5 35.h3 Bf5 
36.Kh4 Bxd3 37.Kxh5 Be2+ 38.Kh4 Rg8 39.b4 Kf5 
40.a4 Bf1 41.a5 d5 42.Kh5 Rh8+ 0-1

[Event "HCL-B3790"]
[Site "www.playchess.de"]
[Date "2006.01.04"]
[Round "10"]
[White "cladious"]
[Black "Phenomium"]
[WhiteElo "1071"]
[BlackElo "1112"]
[PlyCount "43"]
[Result "1-0"]

1.d4 d5 2.c4 e6 3.Nf3 Nf6 4.Bg5 Bb4+ 5.Nbd2 c5 
6.e3 Nc6 7.cxd5 Qxd5 8.Bxf6 gxf6 9.a3 Bxd2+ 
10.Qxd2 {have a peaceful and joyful christmas}  e5 
11.Rc1 b6 12.Bc4 Qd7 13.Bb5 Qd5 14.dxc5 Qe4 
15.cxb6 Bd7 16.Qd6 Qg4 17.Bxc6 Qe6 18.Qxe6+ fxe6 
19.Bxa8 Kf7 20.Bc6 Rc8 21.b7 Rxc6 
22.Rxc6 1-0

[Event "HCL-B3776"]
[Site "www.playchess.de"]
[Date "2006.01.04"]
[Round "3"]
[White "THE_KID"]
[Black "epenz"]
[WhiteElo "879"]
[BlackElo "1003"]
[PlyCount "59"]
[Result "1-0"]

1.e4 e5 2.Qh5 Nf6 3.Qxe5+ Be7 4.d3 d6 5.Qg3 O-O 
6.e5 Nd5 7.Nf3 Nc6 8.Bh6 g6 9.Bxf8 Bxf8 10.d4 Bg7 
11.Bc4 Nde7 12.Ng5 d5 13.Bb3 Nxd4 14.O-O c6 15.Qh4 
h6 16.Nf3 Nxf3+ 17.gxf3 Be6 18.Nc3 Qc7 19.f4 Nf5 
20.Qg4 Ne3 21.Qe2 Nxf1 22.Kxf1 f6 23.exf6 Bxf6 
24.Qxe6+ Kg7 25.Ne2 Bxb2 26.Re1 Bf6 27.Ng3 Rf8 
28.Qg4 Rg8 29.Nh5+ {NOW WHAT!!!!!!!!!!!!!!!}  Kf7 
30.Qe6+ 1-0

[Event "HCL-B3802"]
[Site "www.playchess.de"]
[Date "2006.01.04"]
[Round "7"]
[White "mrchess"]
[Black "dynamike"]
[WhiteElo "1427"]
[BlackElo "1479"]
[PlyCount "116"]
[Result "0-1"]

1.e4 e5 2.Nf3 Nc6 3.Bc4 h6 4.Nc3 Nf6 5.d3 d6 6.O-O 
a6 7.Nd5 Na5 8.Nd2 c6 9.Ne3 Nxc4 10.Ndxc4 b5 
11.Nd2 d5 12.f3 d4 13.Ng4 Bd6 14.c3 Nxg4 15.fxg4 
dxc3 16.bxc3 Bc5+ 17.Kh1 Qxd3 18.Qf3 Qxf3 19.Nxf3 
f6 20.h3 Be6 21.Nh4 O-O-O 22.Kh2 Bc4 23.Rh1 Rd3 
24.Bb2 Rhd8 25.Nf5 Bf8 26.a4 g6 27.Ng3 b4 28.cxb4 
Bxb4 29.Rhc1 Rb3 30.Rxc4 Rxb2 31.Rxc6+ Kb7 32.Rac1 
Rd6 33.R6c7+ Kb6 34.Rg7 Rdd2 35.Nf1 Rdxg2+ 36.Kh1 
Rge2 37.Rxg6 Be7 38.Rxh6 Ka5 39.Rh7 Bd8 40.Rd7 Bb6 
41.Rd6 Reg2 42.Rxb6 Kxb6 43.Rb1 Rxb1 44.Kxg2 Rb4 
45.Kf3 Rxa4 46.h4 Ra3+ 47.Ne3 a5 48.h5 Rd3 49.Kf2 
Rd8 50.Nd5+ Kc5 51.Nxf6 a4 52.Nd5 a3 53.h6 a2 
54.h7 a1Q 55.g5 Qd4+ 56.Ne3 Qd2+ 57.Kf3 Rf8+ 
58.Nf5 Qxg5 0-1

[Event "HCL-B3793"]
[Site "www.playchess.de"]
[Date "2006.01.04"]
[Round "2"]
[White "mrchess"]
[Black "dynamike"]
[WhiteElo "1431"]
[BlackElo "1479"]
[PlyCount "75"]
[Result "1-0"]

1.d4 {succes}  Nf6 2.Nf3 d5 3.e3 Bg4 4.Nbd2 Ne4 
5.Be2 e6 6.c3 Be7 7.Ne5 Bxe2 8.Qxe2 Nd7 9.Nef3 f5 
10.O-O Ndf6 11.Qb5+ Qd7 12.Qxb7 O-O 13.Qb3 Rab8 
14.Qc2 c5 15.Ne5 Qc7 16.f4 cxd4 17.exd4 Bd6 
18.Ndf3 Rbc8 19.Qe2 h6 20.Nd2 Bxe5 21.fxe5 Nd7 
22.Nf3 Qb6 23.Kh1 Kh8 24.Nh4 Rf7 25.Qh5 Kg8 26.Qg6 
Nf8 27.Qh5 g5 28.Ng6 Kg7 29.Rf3 Nxg6 30.Rf1 Qb5 
31.Qd1 Qb6 32.Rb1 Nxc3 33.Qc2 Qxd4 34.bxc3 Rxc3 
35.Qe2 Nxe5 36.Bb2 Re3 37.Qa6 Qb6 
38.Bxe5+ 1-0

[Event "HCL-A2434"]
[Site "www.playchess.de"]
[Date "2006.01.04"]
[Round "23"]
[White "saemi"]
[Black "mrchess"]
[WhiteElo "1601"]
[BlackElo "1500"]
[PlyCount "111"]
[Result "1-0"]

1.e4 {Hi.}  c5 {goodluck}  2.Nf3 Nc6 3.d4 cxd4 
4.Nxd4 g6 5.c4 Bg7 6.Be3 Nf6 7.Nc3 O-O 8.Nxc6 bxc6 
9.Rc1 Qa5 10.Bd3 d6 11.O-O Bd7 12.a3 Rab8 13.Rc2 
c5 14.Bd2 Qc7 15.Re1 Rb3 16.Qe2 Rfb8 17.Rb1 R8b7 
18.Nb5 Bxb5 19.cxb5 Qd7 20.Bc4 R3xb5 21.Bxb5 Rxb5 
22.b4 cxb4 23.Rxb4 Rxb4 24.axb4 h5 {(offering 
draw)}  25.f3 {Well, I want to try some more.}  
Ne8 26.Qc4 Qa4 27.b5 Qa1+ 28.Rc1 Qb2 29.Be3 Qa3 
30.Kf2 Bf6 31.Qc8 Qb2+ 32.Rc2 Qxb5 33.Bxa7 h4 
34.Qc6 Qxc6 35.Rxc6 Be5 36.Rc8 Kf8 37.Be3 f6 
38.Bh6+ Kf7 39.f4 Bd4+ 40.Kf3 f5 41.exf5 gxf5 
42.Bg5 Bf6 43.Bxf6 Nxf6 44.Rh8 Ke6 45.Rxh4 d5 
46.h3 d4 47.g4 fxg4+ 48.hxg4 Kd5 49.g5 Ne4 50.g6 
Nf6 51.Rh8 d3 52.Rd8+ Kc4 53.Ke3 Nd5+ 54.Rxd5 Kxd5 
55.g7 Kc4 56.Kd2 1-0

[Event "HCL-M847"]
[Site "www.playchess.de"]
[Date "2006.01.04"]
[Round "5"]
[White "Kimura"]
[Black "Goofy"]
[WhiteElo "1860"]
[BlackElo "2041"]
[PlyCount "44"]
[Result "0-1"]

1.e4 {Hello again Erik!}  c5 {Hi again! Good game! 
;o))}  2.Nf3 {Well, the sicilian  means good 
fighting!}  Nc6 3.d4 cxd4 {Lets fight!! ;o))}  
4.Nxd4 {I accept the challenge!}  Nf6 5.Nc3 e5 
6.Ndb5 d6 7.Bg5 a6 8.Na3 b5 9.Nd5 Be7 10.Nxe7 Nxe7 
11.Bxf6 gxf6 12.c4 Bb7 13.cxb5 Bxe4 14.bxa6 O-O 
15.Bd3 Bxd3 16.Qxd3 Qa5+ 17.Kf1 d5 18.h4 Rfb8 
19.Rb1 Ng6 20.Rh3 Nf4 21.Rg3+ Kh8 22.b4 
Rxb4 0-1

[Event "HCL-M847"]
[Site "www.playchess.de"]
[Date "2006.01.04"]
[Round "6"]
[White "Goofy"]
[Black "Kimura"]
[WhiteElo "2041"]
[BlackElo "1860"]
[PlyCount "45"]
[Result "1/2-1/2"]

1.d4 {Hi Julio, good game! ;o))}  Nf6 {Well, with 
this one, we now have three interesting games!}  
2.c4 g6 3.Nc3 {Yes, you're right!! ;o))}  Bg7 4.e4 
d6 5.f3 O-O 6.Be3 c5 7.Nge2 Qa5 8.d5 b5 9.cxb5 a6 
10.b6 Qxb6 11.Qd2 Bd7 12.Nc1 Bb5 13.a4 Bxf1 
14.Rxf1 Nbd7 15.a5 Qb7 16.Ra3 Rfb8 17.Rb3 Qc7 
18.Rxb8+ Rxb8 19.Na4 Rb5 20.Nc3 Rb7 21.Na4 Rb5 
22.Nc3 Rb7 23.Na4 {(offering draw)} 
 1/2-1/2

[Event "HCL-A2469"]
[Site "www.playchess.de"]
[Date "2006.01.04"]
[Round "4"]
[White "schachsky"]
[Black "Snillie"]
[WhiteElo "1195"]
[BlackElo "1580"]
[PlyCount "50"]
[Result "0-1"]

1.e4 {Hallo, een prettige partij!}  d6 2.d4 Nf6 
3.Nc3 g6 4.Bd3 e5 5.d5 c6 6.Bg5 Bg7 7.Nf3 h6 8.Be3 
Ng4 9.Qd2 O-O 10.h3 Nxe3 11.Qxe3 Nd7 12.O-O-O Nc5 
13.Bc4 f5 14.dxc6+ Kh7 15.cxb7 Bxb7 16.Bd3 Rc8 
17.exf5 gxf5 18.g4 e4 19.Bxe4 fxe4 20.Nxe4 Re8 
21.Rxd6 {?? het paard kon toch al vallen ?}  Qa5 
22.Nfg5+ {Ik kan hier niks meer van bakken ; ik ga 
maak "hakkuh"! -:)}  hxg5 23.Nxg5+ Kg8 24.Qf4 Re1+ 
25.Rd1 Nd3+ 0-1

[Event "HCL-B3788"]
[Site "www.playchess.de"]
[Date "2006.01.04"]
[Round "1"]
[White "ama49"]
[Black "Rambo"]
[WhiteElo "1217"]
[BlackElo "1361"]
[PlyCount "42"]
[Result "0-1"]

1.e4 {Hello again}  e5 {yes, hello. Have a good 
one!}  2.Nf3 d6 3.d4 exd4 4.Nxd4 Nf6 5.Nc3 Be7 
6.Bc4 Bd7 7.O-O Nc6 8.Re1 Nxd4 9.Qxd4 c5 10.Qd3 
O-O 11.h3 Bc6 12.Bg5 a6 13.a3 b5 14.Ba2 c4 15.Qe3 
Re8 16.Rad1 Nxe4 17.Bxe7 Rxe7 18.Nxe4 Rxe4 19.Qd2 
Qe7 20.Rxe4 Qxe4 21.Re1 Qxg2+ 0-1

[Event "HCL-B3706"]
[Site "www.playchess.de"]
[Date "2006.01.04"]
[Round "7"]
[White "captainjivago"]
[Black "GMO"]
[WhiteElo "1200"]
[BlackElo "1281"]
[PlyCount "40"]
[Result "0-1"]

1.e4 e5 2.Nf3 Bd6 3.d4 Qe7 4.d5 Bc5 5.Nc3 h6 6.Bc4 
Nf6 7.Qe2 d6 8.Be3 Bb4 9.Bd2 O-O 10.a3 Bxc3 
11.Bxc3 b6 12.h3 a6 13.Bd3 a5 14.b4 axb4 15.Bxb4 
Na6 16.Bc3 Nc5 17.O-O Nxd3 18.cxd3 Bb7 19.Qa2 Ba6 
20.Rfd1 Nh5 0-1

[Event "HCL-B3688"]
[Site "www.playchess.de"]
[Date "2006.01.04"]
[Round "33"]
[White "valpa"]
[Black "scotty4u"]
[WhiteElo "1145"]
[BlackElo "1318"]
[PlyCount "72"]
[Result "0-1"]

1.b4 {Welcome to the new game}  e5 2.Bb2 d6 3.e3 
Bd7 4.c4 Nf6 5.Nf3 Be7 6.Be2 O-O 7.O-O h6 8.Nc3 
Nc6 9.b5 Na5 10.Qc2 Bg4 11.Ne1 c6 12.Bxg4 Nxg4 
13.h3 Nf6 14.d3 Rc8 15.bxc6 bxc6 16.Ne2 Nd7 17.Bc3 
d5 18.cxd5 cxd5 19.Qd2 Bg5 20.Bxa5 Nb6 21.Bxb6 
Qxb6 22.g3 d4 23.Ng2 f5 24.Rab1 Qd6 25.Qd1 dxe3 
26.fxe3 Qc5 27.d4 exd4 28.exd4 Qc2 29.a3 Be7 
30.Ra1 Rfe8 31.Nef4 Qc3 32.Nd5 Qxg3 33.Rxf5 Bd6 
34.Rf3 Qh2+ 35.Kf1 Bg3 36.Qb3 Qh1+ 0-1

[Event "HCL-E1500"]
[Site "www.playchess.de"]
[Date "2006.01.04"]
[Round "2"]
[White "Roadkill"]
[Black "Fantaw"]
[WhiteElo "1858"]
[BlackElo "1582"]
[PlyCount "103"]
[Result "1-0"]

1.d4 {Hi and good luck}  Nf6 2.c4 g6 {Hi! Good 
Luck!!}  3.Nc3 Bg7 4.e4 d6 5.Bd3 Nbd7 6.Nge2 e5 
7.Bg5 c6 8.O-O O-O 9.d5 cxd5 10.Nxd5 h6 11.Nxf6+ 
Nxf6 12.Bd2 Bd7 13.Nc3 Bc6 14.Be3 Nh7 15.Qd2 f5 
16.exf5 gxf5 17.Bxh6 e4 18.Bxg7 Kxg7 19.Bc2 Qe7 
20.Rad1 Rad8 21.b4 b6 22.Rfe1 Qf7 23.Nd5 Bxd5 
24.Qxd5 Qg6 25.Re3 Nf6 26.Qd4 Qe8 27.Rg3+ Kf7 
28.a4 Qe5 29.a5 Qxd4 30.Rxd4 Ke6 31.a6 Ke5 32.Rd1 
d5 33.Rg7 dxc4 34.Re7+ Kf4 35.g3+ Kg5 36.h4+ Kh6 
37.Rxa7 Rd3 38.Bxd3 exd3 39.Rc7 b5 40.Rc5 Ne4 
41.Rxb5 Nc3 42.Rb6+ Kh5 43.Ra1 d2 44.Rd6 Ne4 
45.Rd4 c3 46.Rc4 Re8 47.Kg2 Nd6 48.g4+ fxg4 
49.Rc5+ Nf5 50.a7 Ra8 51.Ra6 g3 
52.Kh3 1-0

[Event "HCL-E1528"]
[Site "www.playchess.de"]
[Date "2006.01.04"]
[Round "1"]
[White "mkefeli"]
[Black "baggur"]
[WhiteElo "1848"]
[BlackElo "1660"]
[PlyCount "69"]
[Result "1-0"]

1.d4 Nf6 2.Nf3 g6 3.g3 Bg7 4.Bg2 O-O 5.O-O d6 6.c4 
c5 7.Nc3 cxd4 8.Nxd4 a6 9.b3 Qc7 10.Bb2 Bd7 11.Rc1 
Nc6 12.Nd5 Nxd5 13.cxd5 Qb6 14.dxc6 bxc6 15.Qd2 
Rac8 16.Nf3 Bxb2 17.Qxb2 a5 18.Qd4 Qxd4 19.Nxd4 c5 
20.Nc2 c4 21.Ne3 cxb3 22.axb3 Be6 23.Nd5 Bxd5 
24.Bxd5 e6 25.Bc6 d5 26.Bd7 Rcb8 27.Ba4 Kg7 28.Rc5 
Rba8 29.Rfc1 Rfb8 30.R5c7 h5 31.h4 Rbd8 32.Rb7 
Rdc8 33.Rxc8 Rxc8 34.Ra7 Rc5 35.Be8 1-0

[Event "HCL-E1463"]
[Site "www.playchess.de"]
[Date "2006.01.04"]
[Round "8"]
[White "BigAl"]
[Black "Karpow"]
[WhiteElo "1519"]
[BlackElo "1560"]
[PlyCount "60"]
[Result "0-1"]

1.c4 {Hi, nice to meet you, good luck with the 
tournament}  Nf6 2.Nc3 g6 3.g3 Bg7 4.Bg2 O-O 5.d4 
d6 6.Nf3 c6 7.O-O Qc7 8.e4 Nbd7 9.b3 c5 10.Nb5 Qd8 
11.Re1 cxd4 12.Nfxd4 Ne8 13.Nc3 Rb8 14.Bb2 a6 
15.Nf3 Ne5 16.Nxe5 Bxe5 17.Rb1 Nc7 18.Nd5 Bxb2 
19.Rxb2 b5 20.cxb5 Nxb5 21.e5 dxe5 22.Rxe5 e6 
23.Ne3 Qc7 24.a4 Qxe5 25.Nc4 {I don't believe I 
just made that move!}  Qf6 {I didnt believe it 
either. I am sorry. By the way, I was abit afraid 
of 22.Rd2 instead of 22.Rxe5}  26.Rd2 
{Unfortunately those type of stupid mistakes 
happen all too often, still it's only a game :-)}  
Nc3 27.Qc2 Bb7 28.Nb6 {I hope you've had a nice 
Christmas, and I wish you and your family a very 
happy and peaceful New Year}  Bxg2 {Thank you very 
much for those words. I wish you a Happy New Year 
and alot of fun in chess.}  29.Nd7 {Many thanks to 
you also}  Qf3 30.Rd3 Ne2+ 0-1

[Event "ACL-A641"]
[Site "www.playchess.de"]
[Date "2006.01.04"]
[Round "3"]
[White "birdflu"]
[Black "JEB_Stuart"]
[WhiteElo "1500"]
[BlackElo "1745"]
[PlyCount "65"]
[Result "1-0"]

1.e4 {Hello and good luck!
}  e5 {Hello and good luck to you too!}  2.Nf3 Nc6 
3.d4 exd4 4.Nxd4 Nf6 5.Nxc6 bxc6 6.e5 Qe7 7.Qe2 
Nd5 8.c4 Nb6 9.Nd2 Bb7 10.b3 Qe6 11.Bb2 h5 12.Qe3 
h4 13.Bd3 h3 14.g3 O-O-O 15.O-O f5 16.exf6 gxf6 
17.Ne4 Bh6 18.Qf3 Bg7 19.Rae1 c5 20.Qf4 Qc6 21.f3 
Kb8 22.Qg4 Rhg8 23.Qxh3 Bc8 24.Qg2 f5 {Merry 
Christmas and Happy New Year!}  25.Nc3 Bd4+ 26.Kh1 
f4 27.g4 Rgh8 28.Be4 Qf6 29.Nd5 Nxd5 30.Bxd4 Qxd4 
31.cxd5 Ba6 32.Rfg1 Rh4 33.Qc2 1-0

[Event "HCL-C3983"]
[Site "www.playchess.de"]
[Date "2006.01.04"]
[Round "1"]
[White "Flannery"]
[Black "Farquhart"]
[WhiteElo "867"]
[BlackElo "396"]
[PlyCount "105"]
[Result "1-0"]

1.e4 d6 2.Nc3 e6 3.d4 Nf6 4.Bd3 Be7 5.Nf3 O-O 
6.O-O Bd7 7.b4 Nc6 8.a3 h6 9.Ne2 a6 10.Bb2 b5 
11.c3 Ng4 12.Ng3 Bh4 13.d5 exd5 14.exd5 Nce5 
15.Nxe5 dxe5 16.Re1 Qf6 17.f3 e4 18.Bxe4 Ne5 19.d6 
cxd6 20.Bxa8 Rxa8 21.Qd5 Rc8 22.Qb7 Rd8 23.Qxa6 
Nd3 24.Re2 Nxb2 25.Rxb2 Qxc3 26.Rbb1 Qe3+ 27.Kf1 
Qd3+ 28.Kg1 Qe3+ 29.Kf1 Bc8 30.Qxb5 Bd7 31.Qe2 Bb5 
32.Qxb5 g6 33.Rbe1 Qg5 34.Qxg5 hxg5 35.a4 g4 
36.fxg4 Rf8 37.Re3 Bf6 38.Rb1 Ra8 39.a5 Bd4 40.Re4 
Bc3 41.h4 d5 42.Re7 d4 43.Ne4 d3 44.Nxc3 Rd8 
45.Rbe1 d2 46.R7e8+ Rxe8 47.Rxe8+ Kg7 48.a6 f5 
49.a7 fxg4 50.a8Q Kf7 51.Re5 g3 52.Qe8+ Kf6 
53.Qe7+ 1-0

[Event "HCL-B3805"]
[Site "www.playchess.de"]
[Date "2006.01.04"]
[Round "3"]
[White "Kannsnich"]
[Black "Skipper_Robert"]
[WhiteElo "1199"]
[BlackElo "813"]
[PlyCount "56"]
[Result "1-0"]

1.c4 {servus}  e5 2.Nc3 c6 3.e4 Bc5 4.Nf3 d6 5.g3 
Bg4 6.Bg2 Nf6 7.O-O Na6 8.d3 O-O 9.Re1 Qb6 10.Be3 
Qxb2 11.Na4 Qa3 12.Bc1 Bxf3 13.Bxf3 Qb4 14.Bd2 Qa3 
15.Rb1 Qxa2 16.Ra1 Qxa1 17.Qxa1 {na endlich hab 
ich die doofe dame}  b6 18.Bc3 Rfe8 19.d4 Nd7 
20.dxc5 bxc5 21.Rd1 Nb6 22.Nxb6 axb6 23.Qb2 Rab8 
24.Rxd6 Rbd8 25.Rxd8 Rxd8 26.Bxe5 Nb4 27.Bc3 Nd3 
28.Qxb6 Nc1 1-0

[Event "HCL-T252"]
[Site "www.playchess.de"]
[Date "2006.01.04"]
[Round "9"]
[White "Walter"]
[Black "stevetilbury"]
[WhiteElo "1901"]
[BlackElo "1523"]
[PlyCount "48"]
[Result "0-1"]

1.e4 e6 2.d4 d5 3.Nd2 {Hi...Let the games 
begin...}  Nf6 4.e5 Nfd7 {Hi}  5.Bd3 c5 6.c3 b6 
7.Ne2 Ba6 8.Bxa6 Nxa6 9.O-O Be7 10.Nf3 Nc7 11.b3 
f6 12.exf6 Nxf6 13.Ne5 Bd6 14.Bg5 O-O 15.Qd3 Qe8 
16.Bf4 Rd8 17.a4 Ng4 18.Nxg4 Bxf4 19.Nxf4 Rxf4 
20.Ne5 Rf6 21.f4 Qf8 22.Rf3 Rxf4 23.Raf1 c4 
24.bxc4 Rxf3 0-1

[Event "HCL-E1512"]
[Site "www.playchess.de"]
[Date "2006.01.04"]
[Round "10"]
[White "Groucho_hunter"]
[Black "Walter"]
[WhiteElo "1777"]
[BlackElo "1901"]
[PlyCount "37"]
[Result "1-0"]

1.e4 {Grüße aus der alten Heimat und ein schönes 
Spiel!}  e5 {Hallo aus Canada..Let the games 
begin..}  2.Nf3 {how´s the temperature over 
there?}  Nc6 {Today..cold -12, but no snow,..yet}  
3.d4 {brrrr...so I will try to give the game some 
heat!}  exd4 {Heat could be costly...}  4.Bc4 Nf6 
5.O-O Nxe4 6.Re1 d5 7.Bxd5 Qxd5 8.Nc3 Qa5 9.Nxe4 
Be7 10.Bg5 f6 11.Bf4 Bg4 12.c3 O-O-O 13.b4 Qh5 
14.Qa4 Bxf3 15.gxf3 Kb8 16.Nc5 Bxc5 17.bxc5 dxc3 
18.Rab1 Rhe8 19.Rxe8 1-0

[Event "ACL-E210"]
[Site "www.playchess.de"]
[Date "2006.01.04"]
[Round "5"]
[White "ETC_Chess"]
[Black "Walter"]
[WhiteElo "1903"]
[BlackElo "1822"]
[PlyCount "51"]
[Result "1-0"]

1.c4 {Hello again and good luck!}  e5 {Hi..I need 
more then luck!! I need to win!}  2.g3 Nc6 3.Bg2 
g6 4.e4 Bc5 5.Nc3 d6 6.Nge2 Nge7 7.d3 h5 8.Nd5 
Nxd5 9.cxd5 Nd4 10.Be3 Nxe2 11.Qxe2 Bb4+ 12.Bd2 
Bc5 13.Bc3 Qe7 14.O-O-O Bg4 15.f3 Bd7 16.Qd2 O-O-O 
17.f4 Bg4 18.Rde1 h4 19.d4 exd4 20.Bxd4 Bxd4 
21.Qxd4 Kb8 22.Re3 Rde8 23.e5 hxg3 24.hxg3 Rxh1+ 
25.Bxh1 g5 26.Re4 1-0

[Event "ACL-E202"]
[Site "www.playchess.de"]
[Date "2006.01.04"]
[Round "10"]
[White "Walter"]
[Black "ETC_Chess"]
[WhiteElo "1831"]
[BlackElo "1918"]
[PlyCount "32"]
[Result "0-1"]

1.d4 {Hi....Let the games begin..}  Nf6 2.c4 e6 
3.Nc3 c5 4.d5 exd5 5.cxd5 d6 6.Nf3 Be7 7.e4 O-O 
8.Be2 Nbd7 9.O-O Ng4 10.Qc2 Bf6 11.Bf4 Nde5 
12.Nxe5 Nxe5 13.f3 Bd7 14.Bg3 Ng6 15.Bxd6 Ba4 
16.Qxa4 Qxd6 0-1

[Event "ACL-E211"]
[Site "www.playchess.de"]
[Date "2006.01.04"]
[Round "2"]
[White "Walter"]
[Black "Brrrr"]
[WhiteElo "1903"]
[BlackElo "1942"]
[PlyCount "24"]
[Result "0-1"]

1.d4 {Hi..here we go again..Let the games begin!!} 
 d5 {Have a good one.}  2.Nf3 Nf6 3.Bf4 c5 4.e3 
Nc6 5.c3 Qb6 6.b3 Bf5 7.Bd3 Bxd3 8.Qxd3 e6 9.Nbd2 
Be7 10.O-O O-O 11.Rfe1 Nh5 12.Ng5 
g6 0-1

[Event "ACL-E211"]
[Site "www.playchess.de"]
[Date "2006.01.04"]
[Round "3"]
[White "susygusy"]
[Black "Walter"]
[WhiteElo "2035"]
[BlackElo "1903"]
[PlyCount "35"]
[Result "1-0"]

1.e4 {good game}  c6 {Hi....I hope so !!}  2.d4 d5 
3.f3 dxe4 4.fxe4 e5 5.Nf3 Be6 6.c3 Nf6 7.Bd3 Nbd7 
8.Nbd2 Bd6 9.O-O Qc7 10.Nc4 Bxc4 11.Bxc4 O-O 
12.Qc2 Rae8 13.Re1 Re7 14.Bg5 Rfe8 15.Bh4 h6 
16.Bd3 g5 17.Bg3 Nh5 18.Bf2 1-0

[Event "HCL-T250"]
[Site "www.playchess.de"]
[Date "2006.01.04"]
[Round "7"]
[White "Walter"]
[Black "Max"]
[WhiteElo "1901"]
[BlackElo "1545"]
[PlyCount "40"]
[Result "0-1"]

1.e4 c5 2.d4 cxd4 3.c3 dxc3 4.Nxc3 e6 5.Nf3 Nf6 
6.e5 Ng8 7.Bg5 Be7 8.Bf4 b6 9.Nb5 Bb7 10.Rc1 Nc6 
11.Be2 Nh6 12.Bxh6 gxh6 13.O-O a6 14.Nd6+ Bxd6 
15.Qxd6 Rc8 16.Nd2 Qe7 17.Ne4 Kf8 18.Qd2 Nxe5 
19.Rxc8+ Bxc8 20.Qxh6+ Ke8 0-1

[Event "HCL-E1512"]
[Site "www.playchess.de"]
[Date "2006.01.04"]
[Round "7"]
[White "Walter"]
[Black "kanturali"]
[WhiteElo "1901"]
[BlackElo "1945"]
[PlyCount "44"]
[Result "0-1"]

1.d4 Nf6 2.c4 e6 3.Nc3 Bb4 4.Qc2 Nc6 5.Nf3 d6 
6.Bd2 O-O 7.a3 Bxc3 8.Bxc3 Qe7 9.e4 e5 10.d5 Nb8 
11.Be2 Nh5 12.Bd2 Nf4 13.Bxf4 exf4 14.O-O Bg4 
15.Nd4 Bxe2 16.Nxe2 Qe5 17.f3 Nd7 18.Qd2 Nc5 19.b4 
Nb3 20.Qxf4 Nxa1 21.Qxe5 dxe5 22.Rxa1 
a5 0-1

[Event "HCL-E1500"]
[Site "www.playchess.de"]
[Date "2006.01.04"]
[Round "20"]
[White "mpreuss"]
[Black "ados99"]
[WhiteElo "1975"]
[BlackElo "1431"]
[PlyCount "43"]
[Result "1-0"]

1.f4 {hi and good luck !}  d5 2.Nf3 g6 3.e3 Bg7 
4.Be2 c5 5.O-O Nf6 6.d3 O-O 7.Qe1 Nc6 8.Qh4 h6 
9.a3 Bg4 10.Nbd2 e6 11.c3 Nh5 12.Qxg4 Ne7 13.Qh4 
Nf5 14.Qxd8 Raxd8 15.Nb3 Rdc8 16.g4 Nxf4 17.exf4 
Ne7 18.Be3 c4 19.dxc4 dxc4 20.Nbd2 Nd5 21.Bxa7 
Nxf4 22.Bxc4 1-0

[Event "ACL-E214"]
[Site "www.playchess.de"]
[Date "2006.01.04"]
[Round "8"]
[White "sloba55"]
[Black "Walter"]
[WhiteElo "2078"]
[BlackElo "1899"]
[PlyCount "21"]
[Result "1-0"]

1.Nf3 d5 2.b3 c5 3.e3 Nc6 4.Bb2 Nf6 5.Bb5 Bd7 
6.Qe2 e6 7.Ne5 Nxe5 8.Bxe5 Bxb5 9.Qxb5+ Qd7 10.a4 
Qxb5 11.axb5 1-0

[Event "HCL-T250"]
[Site "www.playchess.de"]
[Date "2006.01.04"]
[Round "9"]
[White "Walter"]
[Black "Grabanzito"]
[WhiteElo "1901"]
[BlackElo "1725"]
[PlyCount "40"]
[Result "0-1"]

1.e4 c5 2.d4 cxd4 3.c3 dxc3 4.Nxc3 Nc6 5.Nf3 e6 
6.Bc4 d6 7.O-O Be7 8.Qe2 Qc7 9.Bf4 a6 10.Rfd1 Ne5 
11.Bb3 Nf6 12.Rac1 Qb8 13.Nd4 O-O 14.Bg3 Bd7 15.f4 
Nc6 16.f5 Nxd4 17.Rxd4 b5 18.fxe6 fxe6 19.Rcd1 b4 
20.Na4 Kh8 0-1

[Event "HCL-T250"]
[Site "www.playchess.de"]
[Date "2006.01.04"]
[Round "8"]
[White "manifold"]
[Black "Walter"]
[WhiteElo "1509"]
[BlackElo "1901"]
[PlyCount "41"]
[Result "1-0"]

1.e4 c5 2.d4 cxd4 3.c3 e5 4.Nf3 {Good evening 
wishes from Sweden}  Nc6 5.cxd4 exd4 6.Nxd4 Nf6 
7.f3 Bb4+ 8.Bd2 Qb6 9.a3 Bxd2+ 10.Nxd2 Nxd4 11.Nc4 
Qc5 12.b4 Qe7 13.Qxd4 d5 14.Ne3 dxe4 15.Rd1 O-O 
16.fxe4 Bg4 17.Nxg4 Nxg4 18.Be2 Rad8 19.Qc5 Rxd1+ 
20.Bxd1 Qxe4+ 21.Be2 1-0

[Event "ACL-E210"]
[Site "www.playchess.de"]
[Date "2006.01.04"]
[Round "1"]
[White "Brrrr"]
[Black "Walter"]
[WhiteElo "1942"]
[BlackElo "1822"]
[PlyCount "63"]
[Result "1-0"]

1.d4 {Greetings from Brampton, Ontario, Walter. 
Have  good game!}  d5 {Hi.. Fort 
Saskatchewan,Alberta
Let the games begin.}  2.Nf3 Nf6 3.c4 e6 4.Nc3 c5 
5.cxd5 Nxd5 6.e4 Nxc3 7.bxc3 cxd4 8.cxd4 Nc6 9.Bc4 
b5 10.Be2 a6 11.O-O Bb7 12.d5 exd5 13.exd5 Nb4 
14.a4 Be7 15.axb5 a5 16.Bc4 O-O 17.Bb2 Bxd5 18.Qb3 
Bxc4 19.Qxc4 Qc8 20.Qf4 Nd3 21.Qe3 Nxb2 22.Qxe7 
Re8 23.Qa3 Nc4 24.Qd3 Ne5 {(offering draw)}  
25.Nxe5 {I'd like to play on a bit, Walter. Of 
course, if I cannot make any progress, then I 
shall return the offer.}  Rxe5 {I understand, and 
why not?}  26.Rfb1 a4 27.h3 h6 28.Qd4 Qf5 29.b6 
Rb5 30.Rb4 a3 31.b7 Rb8 32.Rxb5 1-0

[Event "HCL-T250"]
[Site "www.playchess.de"]
[Date "2006.01.04"]
[Round "10"]
[White "gsmaior"]
[Black "Walter"]
[WhiteElo "1976"]
[BlackElo "1901"]
[PlyCount "51"]
[Result "1-0"]

1.e4 c5 2.d4 cxd4 3.c3 e5 {Hi....Let the games 
begin..}  4.cxd4 {greetings from Brazil, Rio de 
Janeiro, a nice game to you !}  exd4 {Hello to 
Rio, from Edmonton Canada}  5.Qxd4 Nc6 6.Qd3 Nb4 
7.Qb3 Bc5 8.Nc3 d6 9.Nf3 Nf6 10.Bb5+ Nc6 11.Bg5 
O-O 12.O-O h6 13.Bxf6 Qxf6 14.Nd5 Qd8 15.Rac1 Be6 
16.Bc4 Rb8 17.a4 a6 18.Rfe1 b5 19.axb5 axb5 20.Bd3 
Nb4 21.Re2 Re8 22.Ra1 Ra8 23.Rae1 Qb8 24.h3 Qb7 
25.Nh4 Bxd5 26.exd5 1-0

[Event "ACL-E214"]
[Site "www.playchess.de"]
[Date "2006.01.04"]
[Round "7"]
[White "Walter"]
[Black "Willy"]
[WhiteElo "1899"]
[BlackElo "1859"]
[PlyCount "30"]
[Result "0-1"]

1.d4 {Hi...Let the games begin...}  d5 {Hi..I 
agree from Budapest.Good luck.}  2.c4 e6 3.Nc3 Nf6 
4.Bg5 Be7 5.e3 O-O 6.Nf3 Nbd7 7.Be2 h6 8.Bh4 b6 
9.O-O Bb7 10.cxd5 Nxd5 11.Bxe7 Qxe7 12.Nxd5 Bxd5 
13.Rc1 c5 14.Bc4 Bb7 15.Qe2 Rfd8 0-1

[Event "ACL-E202"]
[Site "www.playchess.de"]
[Date "2006.01.04"]
[Round "5"]
[White "Walter"]
[Black "leobor"]
[WhiteElo "1831"]
[BlackElo "1888"]
[PlyCount "84"]
[Result "0-1"]

1.d4 {Hi again,....Let the games begin.}  Nf6 2.c4 
g6 3.g3 Bg7 4.Bg2 O-O 5.Nf3 d6 6.O-O Nbd7 7.Nc3 e5 
8.e4 c6 9.h3 Qb6 10.c5 dxc5 11.dxe5 Ne8 12.e6 fxe6 
13.Ng5 Ne5 14.Qe2 h6 15.Nf3 Nxf3+ 16.Bxf3 e5 
17.Bg2 Nc7 18.f4 Be6 19.Be3 exf4 20.Rxf4 Bd4 
21.Raf1 Rxf4 22.gxf4 Qb4 23.Rf2 Rf8 24.a3 Qc4 
25.Qd2 Rf7 26.h4 Bxe3 27.Qxe3 Qd4 28.Qg3 Rg7 
29.Qf3 Ne8 30.e5 Bf5 31.Ne4 Bxe4 32.Qxe4 Nc7 
33.Qxd4 cxd4 34.Kf1 Kf8 35.Ke2 Rf7 36.Kd3 Ne6 
37.Ke4 Rd7 38.Kd3 Ke7 39.b4 Rd8 40.Bh3 b6 41.h5 g5 
42.Bxe6 Kxe6 0-1

[Event "HCL-T252"]
[Site "www.playchess.de"]
[Date "2006.01.04"]
[Round "10"]
[White "Zafonic"]
[Black "Walter"]
[WhiteElo "1499"]
[BlackElo "1901"]
[PlyCount "29"]
[Result "1-0"]

1.e4 e6 2.d4 d5 3.e5 c5 {Hi..Let the games 
begin...}  4.c3 Nc6 5.Nf3 Qb6 6.Be2 cxd4 7.cxd4 
Nh6 8.Nc3 Nf5 9.Be3 Nxe3 10.fxe3 Qxb2 11.Nb5 Qb4+ 
12.Kf2 Qa5 13.Qb3 Be7 14.Rhf1 f6 
15.Kg1 1-0